<?xml version="1.0" encoding="UTF-8"?>
<record
    xmlns:xsi="http://www.w3.org/2001/XMLSchema-instance"
    xsi:schemaLocation="http://www.loc.gov/MARC21/slim http://www.loc.gov/standards/marcxml/schema/MARC21slim.xsd"
    xmlns="http://www.loc.gov/MARC21/slim">

  <leader>04023nam a2200241   4500</leader>
  <controlfield tag="003">DO-SdUA</controlfield>
  <controlfield tag="005">20250423144354.0</controlfield>
  <controlfield tag="008">      s2020    dr a|| |||| 0 |a||0|spa d</controlfield>
  <datafield tag="040" ind1=" " ind2=" ">
    <subfield code="a">DO-SdUA</subfield>
    <subfield code="b">spa</subfield>
    <subfield code="c">DO-SdUA</subfield>
  </datafield>
  <datafield tag="041" ind1=" " ind2=" ">
    <subfield code="a">spa</subfield>
  </datafield>
  <datafield tag="092" ind1=" " ind2=" ">
    <subfield code="a">MA-EFD 0082 FCE 2020</subfield>
  </datafield>
  <datafield tag="100" ind1="1" ind2=" ">
    <subfield code="a">Pe&#xF1;a Uribe, Jos&#xE9; Antonio</subfield>
  </datafield>
  <datafield tag="245" ind1="1" ind2="0">
    <subfield code="a">Gu&#xED;a metodol&#xF3;gica para la mejora del aprendizaje del fundamento t&#xE9;cnico remate en el tenis de mesa, Centro Regional UASD-Nagua, per&#xED;odo 2019-2020 / </subfield>
    <subfield code="c">Jos&#xE9; Antonio Pe&#xF1;a Uribe.</subfield>
  </datafield>
  <datafield tag="260" ind1=" " ind2=" ">
    <subfield code="a">Nagua :</subfield>
    <subfield code="b">UASD,</subfield>
    <subfield code="c">2020.</subfield>
  </datafield>
  <datafield tag="300" ind1=" " ind2=" ">
    <subfield code="a">83 h. :</subfield>
    <subfield code="b">il.</subfield>
  </datafield>
  <datafield tag="502" ind1=" " ind2=" ">
    <subfield code="a">Tesis y trabajo de grado (Maestr&#xED;a en Educaci&#xF3;n F&#xED;sica y Deporte)--Universidad Aut&#xF3;noma de Santo Domingo, Nagua, 2020.</subfield>
  </datafield>
  <datafield tag="504" ind1=" " ind2=" ">
    <subfield code="a">Incluye referencias bibliogr&#xE1;ficas y anexos.</subfield>
  </datafield>
  <datafield tag="520" ind1="3" ind2=" ">
    <subfield code="a">El objetivo general de esta investigaci&#xF3;n fue Proponer una gu&#xED;a metodol&#xF3;gica para la mejora del aprendizaje del fundamento t&#xE9;cnico remate en el tenis de mesa, centro regional UASD-Nagua, per&#xED;odo 2019-2020. La presente investigaci&#xF3;n se enmarc&#xF3; en el estudio de tipo descriptivo. Esta investigaci&#xF3;n cuenta con un enfoque mixto, ya que, se emple&#xF3; el m&#xE9;todo cualitativo y el cuantitativo para la recogida de datos en el campo de acci&#xF3;n. Se utiliz&#xF3; el dise&#xF1;o no experimental. La poblaci&#xF3;n estuvo representada por 40 estudiantes del centro regional UASD-Nagua, per&#xED;odo 2019-2020 y adem&#xE1;s, se consultaron 3 especialistas del &#xE1;rea de Educaci&#xF3;n F&#xED;sica. La muestra estuvo representada por el total de la poblaci&#xF3;n, debido a que la cantidad de sujetos bajo an&#xE1;lisis era muy reducida. Se utilizaron las t&#xE9;cnicas de la observaci&#xF3;n y la encuesta, y como instrumentos se utilizaron una gu&#xED;a de observaci&#xF3;n, un cuestionario aplicado a los estudiantes y la consulta a especialistas del &#xE1;rea de educaci&#xF3;n f&#xED;sica. Se concluye que el 88% de los estudiantes tienen deficiencias durante la ejecuci&#xF3;n del tenis de mesa, lo cual se verifica a partir de las observaciones llevadas a cabo durante los entrenamientos y las diferentes competencias en las que participan. Es evidente entonces que, existen dificultades al momento de la ejecuci&#xF3;n de la
fase de espera: colocaci&#xF3;n incorrecta de los pies y flexi&#xF3;n desproporcionada. En un 78%, los estudiantes desconocen la forma correcta de la colocaci&#xF3;n de las piernas durante la fase de espera del remate. Cabe destacar que, el 65% de los estudiantes tiene menos de seis meses en la pr&#xE1;ctica el tenis de mesa, mientras que, el 35% posee una experiencia de siete meses a un a&#xF1;o, sin embargo, la pr&#xE1;ctica que realizan a la semana es casi nula, lo cual es un factor que explica las constantes deficiencias que muestran a la hora de ejecutar las diferentes t&#xE9;cnicas de este deporte individual, en particular el remate. Se confecciona la gu&#xED;a metodol&#xF3;gica atendiendo a un conjunto de elementos que permiten la mejora del aprendizaje de la posici&#xF3;n espera, la fase de giro de hombros, la etapa de impacto y el ciclo final de la t&#xE9;cnica. Los expertos valoran la gu&#xED;a metodol&#xF3;gica con un 100% de aprobaci&#xF3;n, seg&#xFA;n los criterios definidos en la consulta especialista. Se recomend&#xF3; ampliar y aplicar la gu&#xED;a metodol&#xF3;gica propuesta para contribuir con la mejora del aprendizaje del remate en el tenis de mesa. Reforzar los conocimientos te&#xF3;ricos y pr&#xE1;cticos sobre el fundamento t&#xE9;cnico del remate. Por lo tanto, se podr&#xE1; incidir en la mejora de la fase de espera, preparaci&#xF3;n, impacto y etapa final. Hacer &#xE9;nfasis en la mejora del agarre de la raqueta, puesto que esto es un elemento importante no solo en el remate, sino tambi&#xE9;n en todos los fundamentos del tenis de mesa, por lo cual ser&#xE1; de gran ayuda para un desenvolvimiento efectivo en las fases de entrenamiento y las competencias en las que participen los estudiantes.

</subfield>
  </datafield>
  <datafield tag="650" ind1=" " ind2="7">
    <subfield code="2">ddcri</subfield>
    <subfield code="9">58679</subfield>
    <subfield code="a">Tenis de mesa</subfield>
    <subfield code="x">Ense&#xF1;anza</subfield>
    <subfield code="x">Estrategia y t&#xE9;cnicas</subfield>
  </datafield>
  <datafield tag="650" ind1=" " ind2="7">
    <subfield code="2">lemb</subfield>
    <subfield code="9">11768</subfield>
    <subfield code="a">Entrenamiento atl&#xE9;tico</subfield>
  </datafield>
  <datafield tag="830" ind1=" " ind2=" ">
    <subfield code="a">Tesis y disertaciones acad&#xE9;micas (Universidad Aut&#xF3;noma de Santo Domingo)</subfield>
  </datafield>
  <datafield tag="942" ind1=" " ind2=" ">
    <subfield code="2">cl</subfield>
    <subfield code="c">T</subfield>
    <subfield code="n">0</subfield>
  </datafield>
  <datafield tag="999" ind1=" " ind2=" ">
    <subfield code="c">12652</subfield>
    <subfield code="d">12652</subfield>
  </datafield>
  <datafield tag="952" ind1=" " ind2=" ">
    <subfield code="0">0</subfield>
    <subfield code="1">0</subfield>
    <subfield code="2">ddc</subfield>
    <subfield code="4">0</subfield>
    <subfield code="7">0</subfield>
    <subfield code="a">RII</subfield>
    <subfield code="b">RII</subfield>
    <subfield code="d">2025-04-23</subfield>
    <subfield code="l">0</subfield>
    <subfield code="r">2025-04-23 14:43:38</subfield>
    <subfield code="w">2025-04-23</subfield>
    <subfield code="y">TED</subfield>
  </datafield>
</record>
